01487nam a22002297a 4500003000400000005001700004008004100021020002200062082002200084100003200106245007600138250001800214260005500232300002600287490002800313520061400341650009300955700004301048942001501091952013601106999001501242OSt20260310104147.0260226b |||||||| |||| 00| 0 SPA d a978-9942-7335-8-0 2978-9942-7335-8-0 aCisneros Abedrabbo, Gabriel aDesde el Andamio 44 Órgano de Difusión de la Gran Logia del Ecuador a1ra Edición aEcuadorbEditorial Pedagógica Freirec2025-06-11 b120 Paginasc21x29cm. 3Tapa blanda o rústica aLa Revista Masónica del Ecuador Desde el Andamio, es el contenedor del pensamiento de la Gran Logia Equinoccial del Ecuador. Con cuarenta y nueve años de existencia, este impreso es uno de los más importantes de la masonería latinoamericana y en el se tratan temas esotéricos, de la problemática social, la historia y el arte. En el número 44 el aporte del artista plástico Pedro Herrera Ordóñez es fundamental para dar un aire de profunda belleza a la revista que esta destinada a cuestionar a sus lectores desde los ríos donde la verdad se levanta, naufraga, se levanta y se reinventa. aPoder de conflicto en las sociedades iniciáticas xTemplo socialy¿De donde venimos ? aGabriel (Director del equipo editorial 2ddccBKn0 00102ddc40708F02aISUSbISUScBiblioteca Abiertad2026-02-11i0448l0o0448pBIBLIO0448r2026-02-26 12:11:26t1w2026-02-26yBK c2018d2018